All Countries Of Europe - Statistics

General Stats
  • This quiz has been taken 34 times
  • The average score is 24 of 49
Answers on the Map
Answers color-coded by a green-red scale on the quiz's map according to % correct below.
 
Answer Stats
Answer % Correct
Andorra
80%
France
73%
Germany
73%
Belarus
67%
Belgium
67%
Denmark
67%
Estonia
67%
Finland
67%
Italy
67%
Russia
67%
Albania
60%
Austria
60%
Greece
60%
Iceland
60%
Ireland
60%
Netherlands
60%
Poland
60%
Portugal
60%
Spain
60%
Ukraine
60%
Vatican City
60%
Cyprus
53%
Luxembourg
53%
Monaco
53%
Norway
53%
Switzerland
53%
Turkey
53%
Bosnia and Herzegovina
47%
Bulgaria
47%
Croatia
47%
Liechtenstein
47%
Lithuania
47%
Malta
47%
San Marino
47%
Sweden
47%
Hungary
40%
Latvia
40%
Moldova
40%
Romania
40%
Slovakia
40%
Kosovo
33%
Montenegro
33%
Serbia
33%
Slovenia
33%
Netherlands
20%
Armenia
13%
Azerbaijan
13%
Georgia
13%
Kazakhstan
0%
No matching quizzes found
Score Distribution
Percent of People with Each Score
Percentile by Number Answered
Your Score History
You have not taken this quiz